00643nam a2200133Ia 450000500170000000800410001702000150005808200130007310000220008624501400010826000350024830000130028350002130029620250120011830.0240331s9999 xx 000 0 und d a9555660018 bVIMa920 aVimaladharma, K.P 0aWomen in the Kandyan kingdom of the seventeenth century Sri Lanka :ba study in the application of gender theory in Historical Analysis aKandybVaruni Publishersc2003 a200 p ., a" Women in the Kandyan Kingdom" adds to the corpus of Knowledge on the position of women in Asia in pre-Colonial times and is a welcome addition to the growing literature on the History of women in Sri Lanka.